| 000 | 01722nam a2200325 i 4500 | ||
|---|---|---|---|
| 003 | DO-SdBNP | ||
| 005 | 20240305135508.0 | ||
| 007 | ta | ||
| 008 | 110113s2016 sp r 000 f spa d | ||
| 020 | _a9788401328510 | ||
| 040 |
_aDO-SdBNP _bspa _cBNPHU _erda |
||
| 082 | 4 |
_a823.914 _bF667p, 2016 _222 |
|
| 100 | 1 |
_aFollett, Ken, _d1949- _913022 |
|
| 240 | 1 | 0 |
_aThe pillars of the earth. _lEspañol. |
| 245 | 1 | 0 |
_aLos pilares de la tierra / _cKen Follett ; traducción de Rosalía Vázquez. |
| 264 | 1 |
_aBarcelona, España : _bPlaza & Janés, _c2016. |
|
| 264 | 3 | _c2017. 1ra. reimpresión | |
| 300 |
_a1038 páginas _c24 cm. |
||
| 336 |
_2rdacontent _atexto _btxt |
||
| 337 |
_2rdamedia _asin mediación _bn |
||
| 338 |
_2rdacurrier _avolumen _bnc |
||
| 500 | _aIncluye datos biográficos del autor en la solapa de la cubierta | ||
| 520 | _aNinguna novela histórica ha cautivado la imaginación del os lectores tanto como "Los pilares de la tierra". Desde su publicación, en 1989, ha sido y sigue siendo el libro preferido de millones de lectores en todo el mundo y se ha convertido en un fenómeno sin precedentes. La novela evoca de forma magistral la construcción de la catedral gótica de Kingsbrige, en Inglaterra, en el siglo XII. Esta catedral se convierte en la clave de una historia absorvente y fascinante sobre la lucha por el poder, pero tmbien sobre la dura realidad de la vida de Tom Builder, maestro constructor, y su familia. | ||
| 590 | _aInventariado, 2023/ YL | ||
| 650 | 4 |
_aNovela histórica inglesa _91075 |
|
| 650 | 4 |
_aLiteratura histórica inglesa _91074 |
|
| 700 | 1 |
_aVázquez, Rosalía _etraductora _948975 |
|
| 910 | _aYLockward/Validado. Control de calidad MFF | ||
| 942 |
_2ddc _cLBS1 |
||
| 999 |
_c55197 _d55197 |
||